| 000 | 00540nam a22001937a 4500 | ||
|---|---|---|---|
| 003 | NUST - PNEC | ||
| 005 | 20170116180818.0 | ||
| 008 | 150610b xxu||||| |||| 00| 0 eng d | ||
| 020 | _a007004452X | ||
| 040 | _cLIBRARY | ||
| 082 | _a519.4 BEN | ||
| 100 |
_93838 _aBender, Carle M. |
||
| 245 |
_aAdvanced mathematical methods for scientists and engineers _cCarl, M.Bender |
||
| 250 | _a- | ||
| 260 |
_aLondon _bMcGraw-Hill Book Company _cc1978. |
||
| 300 | _a593 p. : | ||
| 650 |
_93843 _aEngineering mathematics _xME |
||
| 942 |
_2ddc _cBK |
||
| 999 |
_c63606 _d63606 |
||